Drafting Technology and Practice

Bibliographic Details
Main Author: Spence, William P.
Format: Book
Published: Illinois : Bennett Publishing , 1980
Subjects:

MARC

LEADER 00000cam a2200000 7i4500
001 0000002628
005 20050427.0
040 |a INS 
090 0 0 |a T353.   |b S57 1980 
100 1 |a Spence, William P. 
245 1 0 |a Drafting Technology and Practice   |c William P. Spencer 
260 |a Illinois :   |b Bennett Publishing ,   |c 1980 
300 |a 816p. :   |b Illus ;   |c 22 cm. 
650 0 0 |a Engineering drawing 
999 |a 0000000946   |b BOOK   |c Open Shelf   |e Default branch